| 000 | 00758nam a22002411a 4500 | ||
|---|---|---|---|
| 001 | 28959 | ||
| 003 | BD-RjUL | ||
| 005 | 20211209051343.0 | ||
| 008 | 140401s1962 enka 000 0aeng d | ||
| 035 | _a(BD-RjUL)29043 | ||
| 035 | _a(BD-RjUL) | ||
| 040 |
_aANL _beng _cANL _dBD-RjUL |
||
| 041 | _aeng | ||
| 082 | 0 | 4 |
_a956.95 _bHUU 1962 |
| 100 | 0 |
_aHussein, _d1935- _988479 |
|
| 245 | 1 | 0 |
_aUneasy lies the head : _bthe autobiography of His Majesty King Hussein I of the Hashemite Kingdom of Jordan. _cHussein, |
| 260 |
_aLondon : _bHeinemann, _c1962. |
||
| 300 |
_a233 p. ; _c23cm. |
||
| 600 | 0 | 0 |
_aHussein, _cKing of Jordan, _d1935- _988488 |
| 651 | 0 |
_aJordan _xPolitics and government. _977629 |
|
| 942 |
_2ddc _cBK |
||
| 999 |
_c28959 _d28959 |
||